000 00969nam2a22002291 4500
001 v19\rc\1215397
005 20250617221807.0
035 _a(NLR Aleph) 004378524
090 _a3594731
_c3594731
100 _a20060306d1910 |||y0rusy50 ca
101 0 _arus
102 _aRU
105 _ay z |||||
200 0 _a... на 1910 год
210 _d1910
_aБ. м.
215 _a110 с.
461 0 _1001v19\rc\1215380
_12001#$a[Сметы доходов и расходов, росписи и раскладки Старорусского земства]$v... на 1910 год$90
_93594513
_aСтарорусская уездная земская управа
_c[Новгород
_d1872]
_t[Сметы доходов и расходов, росписи и раскладки Старорусского земства]
_v... на 1910 год$90
801 0 _aRU
_bNLR
_gpsbo
801 1 _aRU
_bProSoft-M
_2rusmarc
852 _aNLR
_bЗем
_j23-8/С1
942 _cBOOK
980 _aNB